00650 2200253 4500001002100000005001700021008004100038020001800079035002400097040001200121082001200133090001900145100001200164245003600176250001100212260003100223300002500254504003000279650002100309850001200330990001800342990001800360990001800378YOGYA-0209000001758120090227022757.0 ind  a979-413-613-1 0010-020900000017581 aYOPDYOG a639.543 a639.543bDar B aDARMONO aBudidaya udang penaeuscDarmono aCet. 1 aYogyakartabKanisiusc1991 a104 hlmbilusc21 cm aBibliografi : hlm. 99-104 aUdang - Budidaya aYOPDYOG a87974-P/96b1 a47005-P/93b1 a59233-P/95b1